[Event "Perth op-B"]
[Site "Perth"]
[Date "2023.04.23"]
[Round "4"]
[White "Murray, Frankie"]
[Black "Aitchison, A Keith"]
[Result "1-0"]
[WhiteElo "1641"]
[BlackElo "1695"]
[PlyCount "107"]
[EventDate "2023.04.21"]
[EventType "swiss"]
[EventRounds "5"]
[EventCountry "SCO"]
[SourceTitle "EXT 2024"]
[Source "ChessBase"]
[SourceDate "2023.10.10"]
[SourceVersion "1"]
[SourceVersionDate "2023.10.10"]
[SourceQuality "1"]

1. c4 f5 2. Nc3 Nf6 3. g3 e5 4. d3 Bc5 5. e3 0-0 6. Bg2 c6 7. d4 exd4 8. exd4 Bb4 9. Nge2 d5 10. Qb3 Bxc3+ 11. bxc3 Re8 12. cxd5 cxd5 13. Be3 Nc6 14. 0-0 Na5 15. Qc2 Bd7 16. Rfe1 Rc8 17. Nf4 Be6 18. Nxe6 Rxe6 19. Qxf5 Rec6 20. Bd2 Nc4 21. Bg5 Nb6 22. Re6 Rxe6 23. Qxe6+ Kf8 24. Rc1 Rc6 25. Qf5 h6 26. Bd2 Nc4 27. Bf4 Ra6 28. Rc2 Nd6 29. Qe5 g5 30. Bc1 Nc4 31. Qf5 Kg7 32. Re2 Nd6 33. Qd3 Rc6 34. Ba3 Nde4 35. Bb2 Qc7 36. Rc2 Qf7 37. f3 Nd6 38. Re2 Nc4 39. Bc1 Re6 40. Bh3 Rb6 41. Qf5 Nd6 42. Qe6 Rb1 43. Qxf7+ Kxf7 44. Rc2 Nc4 45. Kf2 Ne8 46. f4 Kf6 47. Bg2 Nc7 48. g4 Nd6 49. f5 h5 50. h3 hxg4 51. hxg4 Nc4 52. Ke2 Rb6 53. Kd3 Rb1 54. Bxd5 1-0

[Event "Perth op-B"]
[Site "Perth"]
[Date "2023.04.22"]
[Round "2"]
[White "Ram Prasad, PM."]
[Black "Aitchison, A Keith"]
[Result "1-0"]
[WhiteElo "1493"]
[BlackElo "1695"]
[PlyCount "54"]
[EventDate "2023.04.21"]
[EventType "swiss"]
[EventRounds "5"]
[EventCountry "SCO"]
[SourceTitle "EXT 2024"]
[Source "ChessBase"]
[SourceDate "2023.10.10"]
[SourceVersion "1"]
[SourceVersionDate "2023.10.10"]
[SourceQuality "1"]

1. e4 c6 2. d4 d5 3. exd5 cxd5 4. c3 Nf6 5. Bd3 Bg4 6. Nf3 e6 7. Bg5 Be7 8. Nbd2 Nc6 9. 0-0 Rc8 10. Rc1 0-0 11. a4 h6 12. Bh4 Bd6 13. Qb3 Na5 14. Qc2 Bxf3 15. Nxf3 Bf4 16. Rcd1 Nc6 17. Qe2 Re8 18. Ne5 g5 19. Bg3 Bxe5 20. dxe5 Nd7 21. f4 Kg7 22. Qh5 Rf8 23. h4 g4 24. Qxg4+ Kh8 25. Qh5 Kg7 26. f5 Qb6+ 27. Kh1 Qa5 1-0

[Event "SCO-ch 126th"]
[Site "Edinburgh"]
[Date "2019.07.12"]
[Round "7"]
[White "Aitchison, A Keith"]
[Black "McGregor, Lindsay A"]
[Result "0-1"]
[WhiteElo "1660"]
[BlackElo "1926"]
[PlyCount "52"]
[EventDate "2019.07.06"]
[EventType "swiss"]
[EventRounds "9"]
[EventCountry "SCO"]
[SourceTitle "CBM 191 Extra"]
[Source "ChessBase"]
[SourceDate "2019.09.30"]
[SourceVersion "1"]
[SourceVersionDate "2019.09.30"]
[SourceQuality "1"]

1. d4 d5 2. Nf3 Nc6 3. e3 Bf5 4. Bb5 e6 5. Ne5 Nge7 6. b3 f6 7. Nd3 Kf7 8. g4 Bg6 9. h4 h5 10. Nf4 e5 11. Nxg6 Kxg6 12. gxh5+ Kf7 13. c4 a6 14. Bxc6 Nxc6 15. Qg4 Bb4+ 16. Kf1 exd4 17. Rg1 Rh7 18. h6 Ne5 19. Qh5+ g6 20. Qe2 Qd7 21. Rg3 d3 22. Qd1 Rxh6 23. Nd2 Bxd2 24. Qxd2 Rxh4 25. f4 Rh1+ 26. Kg2 Rah8 0-1

[Event "SCO-ch 126th"]
[Site "Edinburgh"]
[Date "2019.07.10"]
[Round "5"]
[White "Aitchison, A Keith"]
[Black "Kynoch, Richard"]
[Result "1/2-1/2"]
[WhiteElo "1660"]
[BlackElo "1901"]
[PlyCount "95"]
[EventDate "2019.07.06"]
[EventType "swiss"]
[EventRounds "9"]
[EventCountry "SCO"]
[SourceTitle "CBM 191 Extra"]
[Source "ChessBase"]
[SourceDate "2019.09.30"]
[SourceVersion "1"]
[SourceVersionDate "2019.09.30"]
[SourceQuality "1"]

1. d4 d5 2. Nf3 e6 3. e3 c6 4. Bd3 f5 5. Nbd2 Nf6 6. Ne5 Bd6 7. Ndf3 0-0 8. 0-0 Bd7 9. c4 Ne4 10. c5 Bc7 11. b4 Be8 12. Bb2 Bh5 13. Be2 Rf6 14. Ne1 Bxe2 15. Qxe2 Rh6 16. f4 Nd7 17. Nxd7 Qxd7 18. Nf3 Qe7 19. g3 Rg6 20. Qg2 Rg4 21. Nd2 Nf6 22. Kf2 Kf7 23. Ke2 h5 24. Qf3 h4 25. Rh1 Rh8 26. Rag1 Nh5 27. Nf1 a5 28. a3 axb4 29. axb4 Ra8 30. Kd3 Ra2 31. Kc3 Qd8 32. h3 Nf6 33. hxg4 Ne4+ 34. Kc2 Qa8 35. Rh2 Qa4+ 36. Kc1 hxg3 37. Nxg3 Ra1+ 38. Bxa1 Qxa1+ 39. Kc2 Qxg1 40. Rg2 Qe1 41. Nxe4 fxe4 42. Qe2 Qxb4 43. Kc1 Ba5 44. g5 Qa3+ 45. Kb1 Kg6 46. Rh2 Qd3+ 47. Kc1 Qc3+ 48. Kb1 1/2-1/2

[Event "SCO-ch 126th"]
[Site "Edinburgh"]
[Date "2019.07.08"]
[Round "3"]
[White "Smith, Callum"]
[Black "Aitchison, A Keith"]
[Result "1/2-1/2"]
[WhiteElo "1777"]
[BlackElo "1660"]
[PlyCount "68"]
[EventDate "2019.07.06"]
[EventType "swiss"]
[EventRounds "9"]
[EventCountry "SCO"]
[SourceTitle "EXT 2021"]
[Source "ChessBase"]
[SourceDate "2020.10.23"]
[SourceVersion "1"]
[SourceVersionDate "2020.10.23"]
[SourceQuality "1"]

1. e4 c6 2. d4 d5 3. e5 Bf5 4. Nc3 e6 5. g4 Bg6 6. h4 h5 7. Bd3 Bxd3 8. Qxd3 hxg4 9. Qg3 Nh6 10. Bxh6 Rxh6 11. Qxg4 Rg6 12. Qh3 Bb4 13. 0-0-0 Qa5 14. Nge2 Nd7 15. h5 Rh6 16. Rdg1 Bf8 17. f4 0-0-0 18. f5 c5 19. fxe6 fxe6 20. dxc5 Qxc5 21. Rd1 Kb8 22. Nd4 Re8 23. Qg3 a6 24. Nf5 Rh8 25. Qg6 Be7 26. Nxe7 Qxe7 27. Qg3 Ka8 28. Rdg1 Rh7 29. Qg5 Qxg5+ 30. Rxg5 Reh8 31. Ne2 g6 32. Rxg6 Rxh5 33. Rxh5 Rxh5 34. Rxe6 Nxe5 1/2-1/2

[Event "SCO-ch 126th"]
[Site "Edinburgh"]
[Date "2019.07.07"]
[Round "2"]
[White "Aitchison, A Keith"]
[Black "Skettos, Nicolas"]
[Result "1/2-1/2"]
[WhiteElo "1660"]
[BlackElo "1867"]
[PlyCount "117"]
[EventDate "2019.07.06"]
[EventType "swiss"]
[EventRounds "9"]
[EventCountry "SCO"]
[SourceTitle "CBM 191 Extra"]
[Source "ChessBase"]
[SourceDate "2019.09.30"]
[SourceVersion "1"]
[SourceVersionDate "2019.09.30"]
[SourceQuality "1"]

1. e4 e6 2. d4 d5 3. exd5 exd5 4. c4 Bb4+ 5. Bd2 Bxd2+ 6. Qxd2 Nf6 7. Nf3 0-0 8. Be2 dxc4 9. Bxc4 Re8+ 10. Ne5 Be6 11. Be2 Qd6 12. 0-0 Rd8 13. Nf3 Nc6 14. Rd1 Bg4 15. Nc3 Bxf3 16. Bxf3 Nxd4 17. Bxb7 Rab8 18. Bd5 c5 19. Be4 Nf3+ 20. Bxf3 Qxd2 21. Rxd2 Rxd2 22. b3 Rbd8 23. h3 Rc2 24. Nb5 Rdd2 25. a3 Rxf2 26. Nxa7 Rb2 27. Rd1 g6 28. Rd3 Rfd2 29. Rc3 Rbc2 30. Re3 Nd5 31. Re8+ Kg7 32. Rd8 Nf4 33. Rxd2 Rxd2 34. Nc6 Ra2 35. a4 Rb2 36. Na5 Nd3 37. Bd5 f5 38. Nb7 Nf4 39. Bc4 Rxg2+ 40. Kf1 Kf6 41. Nxc5 Rb2 42. a5 Rb1+ 43. Kf2 Nxh3+ 44. Kg3 Ng5 45. Bd3 Ra1 46. a6 Ne4+ 47. Bxe4 fxe4 48. Na4 Rd1 49. a7 Rd8 50. Nb6 Ke5 51. Nd7+ Rxd7 52. a8Q Rd3+ 53. Kg2 Rxb3 54. Qh8+ Kf4 55. Qf6+ Ke3 56. Qf2+ Kd3 57. Qf1+ Kd4 58. Qf6+ Ke3 59. Qf2+ 1/2-1/2

[Event "GBR-ch Soanes op 104th"]
[Site "Llandudno"]
[Date "2017.07.29"]
[Round "2"]
[White "Clanchy, Nicholas"]
[Black "Aitchison, A Keith"]
[Result "1-0"]
[WhiteElo "1770"]
[BlackElo "1692"]
[PlyCount "77"]
[EventDate "2017.07.28"]
[EventType "swiss"]
[EventRounds "5"]
[EventCountry "WLS"]
[SourceTitle "EXT 2019"]
[Source "ChessBase"]
[SourceDate "2018.10.10"]
[SourceVersion "1"]
[SourceVersionDate "2018.10.10"]
[SourceQuality "1"]

1. d4 Nf6 2. Nf3 g6 3. c4 Bg7 4. Nc3 d5 5. e3 0-0 6. cxd5 Nxd5 7. Bc4 Nxc3 8. bxc3 c5 9. Ba3 cxd4 10. exd4 Qc7 11. Nd2 Bh6 12. Qb3 Bxd2+ 13. Kxd2 Nc6 14. Bd3 b6 15. h4 Bb7 16. Rag1 Na5 17. Qc2 Rfe8 18. h5 Nc4+ 19. Bxc4 Qxc4 20. hxg6 fxg6 21. f4 Bd5 22. f5 Kg7 23. Re1 e5 24. f6+ Kxf6 25. Rxh7 Qxa2 26. Bb2 exd4 27. Rxe8 Rxe8 28. cxd4 Qa5+ 29. Bc3 Qa6 30. Qd3 Qa2+ 31. Kc1 Qxg2 32. Rxa7 Rc8 33. Qd2 Qf1+ 34. Kb2 Qb5+ 35. Bb4 Qf1 36. Qe3 Qg2+ 37. Bd2 Be4 38. Qf4+ Bf5 39. Qe5# 1-0

[Event "London Classic op U1825 8th"]
[Site "London"]
[Date "2016.12.10"]
[Round "3"]
[White "Aitchison, A Keith"]
[Black "Ramaiya, Arushi"]
[Result "1-0"]
[WhiteElo "1716"]
[BlackElo "1536"]
[PlyCount "87"]
[EventDate "2016.12.09"]
[EventType "swiss"]
[EventRounds "5"]
[EventCountry "ENG"]
[SourceTitle "EXT 2019"]
[Source "ChessBase"]
[SourceDate "2018.10.10"]
[SourceVersion "1"]
[SourceVersionDate "2018.10.10"]
[SourceQuality "1"]

1. e4 e5 2. Nf3 Nc6 3. Bc4 Nf6 4. d4 exd4 5. e5 d5 6. Bb5 Nd7 7. 0-0 Be7 8. Bxc6 bxc6 9. e6 fxe6 10. Nxd4 Nf6 11. Nxc6 Qd6 12. Nxe7 Qxe7 13. Re1 0-0 14. Bg5 Qf7 15. Qf3 Bd7 16. Nd2 Rae8 17. Bxf6 Qxf6 18. Qxf6 Rxf6 19. Rad1 Rb8 20. b3 Rb6 21. Ne4 dxe4 22. Rxd7 Rc6 23. c4 Ra6 24. Rxe4 Rxa2 25. f3 Rg6 26. g3 Rf6 27. Re3 Rh6 28. h4 Rg6 29. g4 c5 30. Rc7 Ra5 31. Rd3 Rf6 32. Kg2 Rf7 33. Rd8+ Rf8 34. Rdd7 Ra8 35. Rxg7+ Kf8 36. Rxh7 Kg8 37. Rcg7+ Kf8 38. Rg6 Re8 39. Rgh6 Ra6 40. Rc7 Kg8 41. Rxc5 Ra2+ 42. Kg3 Kg7 43. g5 Rf8 44. Rxe6 1-0

[Event "Dundee & Angus Major"]
[Site "Dundee"]
[Date "2016.10.08"]
[Round "2"]
[White "Connolly Sams, Dietah"]
[Black "Aitchison, A Keith"]
[Result "0-1"]
[WhiteElo "1016"]
[BlackElo "1625"]
[PlyCount "86"]
[EventDate "2016.10.07"]
[EventType "swiss"]
[EventRounds "5"]
[EventCountry "SCO"]
[SourceTitle "EXT 2023"]
[Source "ChessBase"]
[SourceDate "2022.10.05"]
[SourceVersion "1"]
[SourceVersionDate "2022.10.05"]
[SourceQuality "1"]

1. d4 f5 2. Bg5 Nf6 3. e3 g6 4. Bxf6 exf6 5. Nf3 b6 6. Bc4 d5 7. Bb3 Ba6 8. Nbd2 c6 9. Rc1 Nd7 10. c4 dxc4 11. Nxc4 Bb4+ 12. Ncd2 c5 13. a3 Ba5 14. Bc4 Bxc4 15. Rxc4 b5 16. Rc1 c4 17. a4 a6 18. 0-0 0-0 19. Nb1 Qe7 20. axb5 axb5 21. b3 Rfc8 22. bxc4 bxc4 23. Qe2 Nb6 24. Nbd2 c3 25. Nb1 Kg7 26. Qd3 Nd5 27. Qb5 Qd6 28. Qb3 Kh6 29. Rc2 Rab8 30. Qa4 Qb4 31. Qxb4 Rxb4 32. Rfc1 Rb3 33. Kf1 Bb4 34. h3 Ra8 35. Ne1 Ra1 36. Nd3 Raxb1 37. Rxb1 Rxb1+ 38. Ke2 Ba3 39. f3 Rb2 40. Kd1 Nxe3+ 41. Ke2 Nxc2 42. d5 Nd4+ 43. Ke3 Nb5 0-1

[Event "SCO-ch 122nd"]
[Site "Edinburgh"]
[Date "2015.07.15"]
[Round "5"]
[White "Gray, Euan"]
[Black "Aitchison, A Keith"]
[Result "0-1"]
[WhiteElo "1629"]
[BlackElo "1837"]
[PlyCount "48"]
[EventDate "2015.07.11"]
[EventType "swiss"]
[EventRounds "9"]
[EventCountry "SCO"]
[SourceTitle "CBM 167 Extra"]
[Source "ChessBase"]
[SourceDate "2015.09.14"]
[SourceVersion "1"]
[SourceVersionDate "2015.09.14"]
[SourceQuality "1"]

1. d4 Nf6 2. c4 g6 3. Nc3 d5 4. cxd5 Nxd5 5. e4 Nxc3 6. bxc3 Bg7 7. Be3 c5 8. Rc1 0-0 9. Qd2 b6 10. Nf3 Bb7 11. Bd3 Nd7 12. 0-0 Nf6 13. d5 c4 14. Bc2 Rc8 15. Rfe1 Ng4 16. Bf4 Nf6 17. a4 Rc5 18. Nd4 Qd7 19. Rb1 Nh5 20. Be3 f5 21. Ne6 f4 22. Bd4 Bxd4 23. Qxd4 f3 24. Nxf8 Qg4 0-1

[Event "Dundee & Angus op Challengers"]
[Site "Dundee"]
[Date "2014.10.12"]
[Round "5"]
[White "Aitchison, A Keith"]
[Black "Shemilt, James F"]
[Result "0-1"]
[WhiteElo "1627"]
[BlackElo "1787"]
[PlyCount "68"]
[EventDate "2014.10.10"]
[EventType "swiss"]
[EventRounds "5"]
[EventCountry "SCO"]
[SourceTitle "EXT 2017"]
[Source "ChessBase"]
[SourceDate "2016.10.25"]
[SourceVersion "1"]
[SourceVersionDate "2016.10.25"]
[SourceQuality "1"]

1. e4 g6 2. d4 Bg7 3. f4 d6 4. Nf3 Nf6 5. Nc3 0-0 6. Bd3 Nc6 7. d5 Nb4 8. a3 Nxd3+ 9. cxd3 c6 10. dxc6 bxc6 11. 0-0 Qb6+ 12. Kh1 Rb8 13. h3 Nh5 14. Qe1 Ba6 15. g4 Bxd3 16. Rg1 Bxc3 17. Qxc3 Qb3 18. gxh5 Bxe4 19. Kh2 Qxc3 20. bxc3 Bxf3 21. hxg6 fxg6 22. Kg3 Be4 23. Re1 d5 24. Be3 Rb3 25. Bd4 c5 26. Be5 Rf5 27. h4 Rh5 28. Re2 Bf5 29. Rae1 d4 30. Bxd4 cxd4 31. Rxe7 Rxc3+ 32. Kf2 Rxh4 33. Rxa7 Rxf4+ 34. Kg2 Be4+ 0-1

[Event "Commonwealth-ch"]
[Site "Glasgow"]
[Date "2014.07.05"]
[Round "6"]
[White "Tshabalala, Ernest"]
[Black "Aitchison, A Keith"]
[Result "1/2-1/2"]
[WhiteElo "1775"]
[BlackElo "1926"]
[PlyCount "51"]
[EventDate "2014.06.30"]
[EventType "swiss"]
[EventRounds "9"]
[EventCountry "SCO"]
[SourceTitle "CBM 161 Extra"]
[Source "ChessBase"]
[SourceDate "2014.08.29"]
[SourceVersion "1"]
[SourceVersionDate "2014.08.29"]
[SourceQuality "1"]

1. e4 c6 2. d4 d5 3. exd5 cxd5 4. c4 Nf6 5. Nc3 Nc6 6. Be3 e6 7. a3 Be7 8. Nf3 0-0 9. c5 Qc7 10. Qd2 Ne4 11. Qc2 Nxc3 12. Qxc3 Bf6 13. Bb5 a6 14. Ba4 Bd7 15. 0-0 b5 16. Bc2 e5 17. dxe5 Nxe5 18. Nxe5 Bxe5 19. Bd4 f6 20. h3 Rac8 21. b4 Rce8 22. Rad1 Bc6 23. Rfe1 Re7 24. Qd3 g6 25. Bb3 Rd8 26. Kh1 1/2-1/2

[Event "Commonwealth-ch"]
[Site "Glasgow"]
[Date "2014.07.04"]
[Round "4"]
[White "O'Leary, Martin"]
[Black "Aitchison, A Keith"]
[Result "0-1"]
[WhiteElo "1210"]
[BlackElo "1926"]
[PlyCount "34"]
[EventDate "2014.06.30"]
[EventType "swiss"]
[EventRounds "9"]
[EventCountry "SCO"]
[SourceTitle "CBM 161 Extra"]
[Source "ChessBase"]
[SourceDate "2014.08.29"]
[SourceVersion "1"]
[SourceVersionDate "2014.08.29"]
[SourceQuality "1"]

1. e4 c6 2. d4 d5 3. e5 Bf5 4. Nf3 e6 5. Be2 Nd7 6. 0-0 c5 7. c3 cxd4 8. cxd4 Ne7 9. Be3 a6 10. Nc3 Nc6 11. a3 Be7 12. Rc1 Rc8 13. Qd2 h6 14. Rfd1 Nb6 15. Bf4 Na5 16. Nb1 Rxc1 17. Rxc1 Nb3 0-1

[Event "Commonwealth-ch"]
[Site "Glasgow"]
[Date "2014.06.30"]
[Round "1"]
[White "Aitchison, A Keith"]
[Black "Gupta, Abhijeet"]
[Result "0-1"]
[WhiteElo "1926"]
[BlackElo "2634"]
[PlyCount "44"]
[EventDate "2014.06.30"]
[EventType "swiss"]
[EventRounds "9"]
[EventCountry "SCO"]
[SourceTitle "CBM 161 Extra"]
[Source "ChessBase"]
[SourceDate "2014.08.29"]
[SourceVersion "1"]
[SourceVersionDate "2014.08.29"]
[SourceQuality "1"]

1. e4 c5 2. Nf3 d6 3. d4 cxd4 4. Nxd4 Nf6 5. Nc3 Nc6 6. Bg5 e6 7. Qd2 a6 8. a4 h6 9. Nxc6 bxc6 10. Be3 Ng4 11. f3 Nxe3 12. Qxe3 Be7 13. Be2 Rb8 14. Rb1 d5 15. exd5 cxd5 16. Qe5 Rb4 17. 0-0 Bf6 18. Qg3 Bxc3 19. bxc3 Qb6+ 20. Kh1 Rxb1 21. Qxg7 Rf8 22. Bb5+ Qxb5 0-1

[Event "Dundee & Angus op Challengers"]
[Site "Dundee"]
[Date "2013.10.13"]
[Round "4"]
[White "Aitchison, A Keith"]
[Black "Hahn, Lilli"]
[Result "0-1"]
[WhiteElo "1658"]
[BlackElo "1773"]
[PlyCount "78"]
[EventDate "2013.10.11"]
[EventType "swiss"]
[EventRounds "5"]
[EventCountry "SCO"]
[SourceTitle "EXT 2017"]
[Source "ChessBase"]
[SourceDate "2016.10.25"]
[SourceVersion "1"]
[SourceVersionDate "2016.10.25"]
[SourceQuality "1"]

1. e4 c5 2. Nf3 a6 3. a4 Nc6 4. d4 cxd4 5. Nxd4 g6 6. Nc3 Bg7 7. Be3 d6 8. Be2 Nf6 9. 0-0 0-0 10. Qd2 Bd7 11. f3 Nxd4 12. Bxd4 Bc6 13. a5 Rc8 14. Bb6 Qe8 15. Rfd1 Nd7 16. Be3 Nc5 17. Ra3 Na4 18. Nxa4 Bxa4 19. b3 Bc6 20. Qc1 Bb5 21. Bd3 Bxd3 22. Rxd3 Qc6 23. Ra4 Bf6 24. c4 Bg7 25. Qd2 f5 26. exf5 Rxf5 27. Ra2 Rd8 28. Bb6 Rd7 29. Rc2 Be5 30. c5 d5 31. Ra2 Bf4 32. Qd1 Re5 33. Ra4 Be3+ 34. Kf1 d4 35. Qc2 Red5 36. Ra1 e5 37. Qc4 Kg7 38. Rad1 Qe6 39. c6 Qxc6 0-1

[Event "Dundee & Angus op Challengers"]
[Site "Dundee"]
[Date "2013.10.12"]
[Round "2"]
[White "Aitchison, A Keith"]
[Black "Milton, Anna Helen Mary"]
[Result "1/2-1/2"]
[WhiteElo "1658"]
[BlackElo "1460"]
[PlyCount "79"]
[EventDate "2013.10.11"]
[EventType "swiss"]
[EventRounds "5"]
[EventCountry "SCO"]
[SourceTitle "EXT 2017"]
[Source "ChessBase"]
[SourceDate "2016.10.25"]
[SourceVersion "1"]
[SourceVersionDate "2016.10.25"]
[SourceQuality "1"]

1. e4 c5 2. Nc3 e6 3. Nf3 d6 4. d3 Nf6 5. g3 Nc6 6. Bg2 Be7 7. 0-0 0-0 8. Ne2 d5 9. exd5 Nxd5 10. c3 Qc7 11. Nf4 Nxf4 12. Bxf4 Bd6 13. Bxd6 Qxd6 14. Qc2 Rd8 15. Rad1 Qc7 16. Rfe1 b6 17. d4 cxd4 18. cxd4 Bb7 19. Ne5 Rac8 20. Bxc6 Bxc6 21. Rc1 Rd6 22. d5 Rxd5 23. Qxc6 Rxe5 24. Rxe5 Qxc6 25. Rxc6 Rxc6 26. Re2 Kf8 27. Kg2 Ke7 28. Rd2 Rd6 29. Rc2 Kd7 30. Kf3 Rc6 31. Rd2+ Rd6 32. Rc2 Rd5 33. Ke2 f5 34. h4 h6 35. h5 Kd6 36. a3 Rc5 37. Rd2+ Rd5 38. Rc2 Ke7 39. Rc7+ Rd7 40. Rc6 1/2-1/2

[Event "Dundee & Angus Congress Major"]
[Site "Dundee"]
[Date "2011.10.15"]
[Round "2"]
[White "Aitchison, A Keith"]
[Black "Morris, Ian"]
[Result "1/2-1/2"]
[WhiteElo "1640"]
[BlackElo "1431"]
[PlyCount "116"]
[EventDate "2011.10.14"]
[EventType "swiss"]
[EventRounds "5"]
[EventCountry "SCO"]
[SourceTitle "EXT 2023"]
[Source "ChessBase"]
[SourceDate "2022.10.05"]
[SourceVersion "1"]
[SourceVersionDate "2022.10.05"]
[SourceQuality "1"]

1. e4 c5 2. Nf3 e6 3. Nc3 a6 4. a4 Qc7 5. d4 cxd4 6. Nxd4 b6 7. Be3 Bb4 8. Qd2 Nf6 9. Bd3 Ng4 10. Nde2 Bb7 11. h3 Nxe3 12. Qxe3 d5 13. exd5 Bxd5 14. 0-0 Bxc3 15. Nxc3 Bb7 16. Rad1 0-0 17. Qg5 Nd7 18. Qe7 Rad8 19. Rd2 Rfe8 20. Qh4 g6 21. Rfd1 Nf8 22. Be4 Rxd2 23. Rxd2 Qe5 24. Kf1 Bd5 25. Bxd5 exd5 26. Re2 Qb8 27. Rxe8 Qxe8 28. Nxd5 Qe5 29. Nc3 Ne6 30. Qe4 Qg5 31. Qe3 Qd8 32. g3 Qd6 33. Kg2 Nc5 34. b3 Qc6+ 35. Qf3 Qe6 36. Nd5 Nd7 37. Nc7 Qd6 38. Nxa6 Ne5 39. Qe2 h5 40. Nb4 Qc7 41. Nd3 Qc6+ 42. f3 f6 43. Nxe5 fxe5 44. Qc4+ Qxc4 45. bxc4 Kf7 46. Kf2 Ke6 47. h4 Kd6 48. Ke3 Kc5 49. Kd3 Kb4 50. c3+ Kxa4 51. c5 bxc5 52. Kc4 Ka3 53. Kxc5 Kb3 54. Kd5 Kxc3 55. Kxe5 Kd3 56. Kf4 Ke2 57. g4 Kf2 58. gxh5 gxh5 1/2-1/2

[Event "Dundee & Angus Congress Major"]
[Site "Dundee"]
[Date "2011.10.15"]
[Round "3"]
[White "Robertson, Jim"]
[Black "Aitchison, A Keith"]
[Result "1-0"]
[WhiteElo "1479"]
[BlackElo "1640"]
[PlyCount "57"]
[EventDate "2011.10.14"]
[EventType "swiss"]
[EventRounds "5"]
[EventCountry "SCO"]
[SourceTitle "EXT 2023"]
[Source "ChessBase"]
[SourceDate "2022.10.05"]
[SourceVersion "1"]
[SourceVersionDate "2022.10.05"]
[SourceQuality "1"]

1. d4 Nf6 2. e3 g6 3. Bd3 d5 4. Nd2 Bg7 5. f4 Nbd7 6. Ngf3 c5 7. c3 c4 8. Bc2 Qc7 9. Ne5 Nxe5 10. fxe5 Bg4 11. Nf3 Ne4 12. 0-0 0-0 13. Qe1 f6 14. Qh4 Bxf3 15. gxf3 Ng5 16. e4 h6 17. exd5 fxe5 18. Bxg5 hxg5 19. Qxg5 exd4 20. cxd4 Qf4 21. Qxg6 Rf6 22. Qe4 Qg5+ 23. Kh1 Rh6 24. Rf2 Rf8 25. Rg1 Qf4 26. Rfg2 Kh8 27. Qxf4 Rxf4 28. Rxg7 Rxh2+ 29. Kxh2 1-0

[Event "Dundee & Angus op Challengers"]
[Site "Dundee"]
[Date "2008.??.??"]
[Round "3"]
[White "Aitchison, A Keith"]
[Black "Morrison, George"]
[Result "1/2-1/2"]
[WhiteElo "1626"]
[BlackElo "1556"]
[PlyCount "84"]
[EventDate "2008.10.17"]
[EventType "swiss"]
[EventRounds "5"]
[EventCountry "SCO"]
[SourceTitle "EXT 2017"]
[Source "ChessBase"]
[SourceDate "2016.10.25"]
[SourceVersion "1"]
[SourceVersionDate "2016.10.25"]
[SourceQuality "1"]

1. e4 e5 2. Nf3 d6 3. Bc4 Bg4 4. c3 Be6 5. Bxe6 fxe6 6. Qb3 Qc8 7. d4 exd4 8. cxd4 Be7 9. Bg5 h6 10. Bh4 Bxh4 11. Nxh4 Ne7 12. Qf3 g5 13. Qh5+ Kd7 14. Nf3 Qf8 15. Nc3 Na6 16. d5 Qf6 17. Qg4 Rae8 18. 0-0 Kd8 19. Rac1 exd5 20. Nxd5 Nxd5 21. exd5 Qf7 22. Qd4 b6 23. Qc4 Nb8 24. Nd4 Kc8 25. Nb5 Kb7 26. Qxc7+ Qxc7 27. Rxc7+ Ka6 28. Nxd6 Re2 29. Rb1 Rd8 30. a4 Rxd6 31. b4 b5 32. axb5+ Kxb5 33. Rc5+ Kb6 34. Kf1 Rd2 35. Rc8 Kb7 36. Rbc1 R2xd5 37. R1c7+ Ka8 38. Rh8 Rb5 39. Rhh7 Ra6 40. g3 Rxb4 41. Kg2 g4 42. h3 gxh3+ 1/2-1/2

[Event "Dundee & Angus op Challengers"]
[Site "Dundee"]
[Date "2007.??.??"]
[Round "1"]
[White "Brennan, J Ross"]
[Black "Aitchison, A Keith"]
[Result "1/2-1/2"]
[WhiteElo "1725"]
[BlackElo "1596"]
[PlyCount "54"]
[EventDate "2007.10.19"]
[EventType "swiss"]
[EventRounds "5"]
[EventCountry "SCO"]
[SourceTitle "EXT 2017"]
[Source "ChessBase"]
[SourceDate "2016.10.25"]
[SourceVersion "1"]
[SourceVersionDate "2016.10.25"]
[SourceQuality "1"]

1. d4 Nf6 2. Nf3 g6 3. c4 d5 4. Nc3 Bg7 5. e3 0-0 6. Be2 c6 7. 0-0 Bg4 8. Ne5 Bxe2 9. Qxe2 Nbd7 10. f4 Ne4 11. cxd5 cxd5 12. Nxe4 dxe4 13. Bd2 Nxe5 14. dxe5 Rc8 15. Bc3 f5 16. Rfd1 Qc7 17. Rd4 Rfd8 18. Rad1 Rxd4 19. Rxd4 Rd8 20. Qd2 Rxd4 21. Qxd4 a6 22. Qd5+ Kf8 23. Kf2 Qc6 24. Qd8+ Qe8 25. Qd5 Qc6 26. Qd8+ Qe8 27. Qd5 Qc6 1/2-1/2